<?xml version="1.0" encoding="UTF-8"?>
<record
    xmlns:xsi="http://www.w3.org/2001/XMLSchema-instance"
    xsi:schemaLocation="http://www.loc.gov/MARC21/slim http://www.loc.gov/standards/marcxml/schema/MARC21slim.xsd"
    xmlns="http://www.loc.gov/MARC21/slim">

  <leader>00631nam a2200205Ii 4500</leader>
  <controlfield tag="001">HUB038513</controlfield>
  <controlfield tag="003">PILC</controlfield>
  <controlfield tag="005">20150827141312.0</controlfield>
  <controlfield tag="008">761202s1975    nyuac         000 0beng d</controlfield>
  <datafield tag="040" ind1=" " ind2=" ">
    <subfield code="a">LXP</subfield>
    <subfield code="c">LXP</subfield>
    <subfield code="d">RGC</subfield>
  </datafield>
  <datafield tag="050" ind1=" " ind2=" ">
    <subfield code="a">PN 2598.N5 </subfield>
    <subfield code="b">.N644 1975  </subfield>
  </datafield>
  <datafield tag="100" ind1="1" ind2=" ">
    <subfield code="a">Niven, David.</subfield>
  </datafield>
  <datafield tag="245" ind1="1" ind2="0">
    <subfield code="a">Bring on the empty horses /</subfield>
    <subfield code="c">David Niven.</subfield>
  </datafield>
  <datafield tag="260" ind1=" " ind2=" ">
    <subfield code="a">New York :</subfield>
    <subfield code="b">Dell,</subfield>
    <subfield code="c">1975.</subfield>
  </datafield>
  <datafield tag="300" ind1=" " ind2=" ">
    <subfield code="a">352 pages :</subfield>
    <subfield code="b">illustrations ;</subfield>
    <subfield code="c">18 cm.</subfield>
  </datafield>
  <datafield tag="600" ind1="1" ind2="0">
    <subfield code="a">Niven, David.</subfield>
  </datafield>
  <datafield tag="650" ind1=" " ind2="0">
    <subfield code="a">Motion picture actors and actresses</subfield>
    <subfield code="z">United States</subfield>
    <subfield code="x">Biography.</subfield>
  </datafield>
  <datafield tag="650" ind1=" " ind2="0">
    <subfield code="a">Motion picture industry</subfield>
    <subfield code="z">California</subfield>
    <subfield code="z">Los Angeles.</subfield>
  </datafield>
  <datafield tag="942" ind1=" " ind2=" ">
    <subfield code="2">lcc</subfield>
    <subfield code="c">BK</subfield>
  </datafield>
  <datafield tag="999" ind1=" " ind2=" ">
    <subfield code="c">288537</subfield>
    <subfield code="d">288537</subfield>
  </datafield>
  <datafield tag="952" ind1=" " ind2=" ">
    <subfield code="0">0</subfield>
    <subfield code="1">0</subfield>
    <subfield code="2">lcc</subfield>
    <subfield code="4">0</subfield>
    <subfield code="a">CL</subfield>
    <subfield code="b">CL</subfield>
    <subfield code="c">FIC</subfield>
    <subfield code="d">2015-08-27</subfield>
    <subfield code="e">DONATION</subfield>
    <subfield code="k">FIC</subfield>
    <subfield code="l">0</subfield>
    <subfield code="o">PN 2598.N5  .N644 1975</subfield>
    <subfield code="p">C19845</subfield>
    <subfield code="r">2018-03-01 00:00:00</subfield>
    <subfield code="w">2015-08-27</subfield>
    <subfield code="y">BK</subfield>
  </datafield>
</record>
